000 00545 a2200217 4500
005 20260121102419.0
008 260120b |||||||| |||| 00| 0 eng d
020 _a9789367290361
_cRs. 1295.00
040 _aMAIN
082 _a572
_bN292B
100 _aNeelam Kumari
245 _aBiochemistry: The chemistry of life
260 _bIBS
_c2025
_aDaryganj
300 _ax, 372
650 _aBiochemistry
650 _aProtein
700 _aBhatia, Ravi Kant
700 _aNarender Kumar
700 _aChauhan, Atul
942 _cBK
999 _c394076
_d394076